000 01196nab a22002417a 4500
999 _c5500
_d5500
003 OSt
005 20251209142808.0
008 190502c xxu||||| |||| 00| 0 spa d
040 _cPJ
100 _96494
_aGarcía Carrón Bonavena, Gonzalo
245 1 0 _aEl secuestro extorsivo :
_bun entramado delictivo complejo /
_cGonzalo García Carrón Bonavena.
260 _aCiudad Autónoma de Buenos Aires :
_bThomson Reuters La Ley,
_c2025.
300 _ap. 81-88
500 _aCita Online: AR/DOC/1533/2025.
505 _aSumario: I. Introducción.— II. Hechos del caso y resolución judicial.— III. Análisis de las figuras en juego.— IV. Conclusión.
505 _tFallo comentado: CNCasCrim. y Correc., sala III ~ 08/02/2024 ~ G., A. V. y otros s/ secuestro extorsivo. Solicitante: A. A., N. V. y otro.
505 _t¿Te interesa el texto completo? Solicitalo al correo: koha@justierradelfuego.gov.ar
650 0 _9343
_aDERECHO PENAL
650 0 _93228
_aSECUESTRO EXTORSIVO
650 0 _92753
_aPARTICIPACIÓN CRIMINAL
773 0 _02729
_93180
_dBuenos Aires : LexisNexis, 2006-
_tRevista de derecho penal y procesal penal. Nº 8 - Agosto 2025
_z9875920622
942 _2udc
_cANA